|
|
|
|
| LEADER |
00815nam a2200229 a 4500 |
| 001 |
00012315 |
| 008 |
101108s1997 ii a 001 0 eng |
| 020 |
|
|
|a 8170298083
|
| 040 |
|
|
|a BD-DhAAL
|c BD-DhAAL
|
| 082 |
0 |
4 |
|a 004.56
|2 20
|
| 100 |
1 |
|
|a Lotia, Manahar
|
| 245 |
0 |
0 |
|a Modern all about hard disk drive /
|c Manahar Lotia, Pradeep Nair, Bijlal Lotia.
|
| 260 |
|
|
|a New Delhi :
|b BPB publications,
|c c1997
|
| 300 |
|
|
|a 516 p. :
|b ill. :
|c 24 cm.
|
| 500 |
|
|
|a Includes index.
|
| 541 |
1 |
|
|e 00012315
|
| 650 |
|
0 |
|a Hard disks (computer scince)
|
| 700 |
1 |
|
|a Nair, Pradeep
|
| 700 |
1 |
|
|a Lotia, Bijal
|
| 852 |
4 |
|
|a Ayesha Abed Library
|j General Shelf.
|
| 999 |
|
|
|c 10073
|d 10073
|
| 952 |
|
|
|0 0
|1 0
|2 ddc
|4 0
|6 004_560000000000000_LOT
|7 0
|9 13255
|a BRACUL
|b BRACUL
|c GEN
|d 2010-11-15
|g 200.00
|l 0
|o 004.56 LOT
|p 3010012315
|r 2010-11-15
|t 1
|w 2010-11-15
|y BK
|